00343 2200145 4500001002100000005001500021035002000036245005100056100001300107300001200120260003100132082000800163084001400171990001200185INLIS00000000000198620250527082059 a0010-05250002781 aHarry Potter dan Kamar Rahasia /cJ.K.Rowlling0 aRowlling a432 hlm aJakarta :bGramedia,c2002 a813 a813 ROW h a0712482